| 000 | 00729nam a22001937a 4500 | ||
|---|---|---|---|
| 003 | OSt | ||
| 005 | 20260115034144.0 | ||
| 008 | 260115b |||||||| |||| 00| 0 eng d | ||
| 020 | _a987-007-127934-5 | ||
| 040 |
_aDWC-Main lib _cOC |
||
| 082 | _aCirc. 658.152 D286p 2006 | ||
| 100 | _aDebelak, Don | ||
| 245 |
_aPerfect phases for business proposals and business plans: _bhundreds of ready - to - use phases for winning new clients, launching new products and getting the funding you need/ _cDon Debelak |
||
| 260 |
_aN.Y : _bMcgraw-Hill, _cc2006. |
||
| 300 |
_axv , 203 pages : _b illustrations ; _c20cm. |
||
| 650 | _a1. Business planning | ||
| 650 | _a2. Proposal writing in business | ||
| 942 |
_2ddc _cBK-CIRC _kCirc. _n0 |
||
| 999 |
_c7420 _d7420 |
||